The complete book of 400 soups (Record no. 617775)

MARC details
000 -LEADER
fixed length control field 00374nam a2200145 4500
008 - FIXED-LENGTH DATA ELEMENTS--GENERAL INFORMATION
fixed length control field 260317b |||||||| |||| 00| 0 eng d
020 ## - INTERNATIONAL STANDARD BOOK NUMBER
ISBN 9781844779994
Paper back/Hardbound pbk
041 ## - LANGUAGE CODE
Language code of text/sound track or separate title eng
082 ## - DEWEY DECIMAL CLASSIFICATION NUMBER
Classification number 641.813
Item number SHE
245 ## - TITLE STATEMENT
Title The complete book of 400 soups
260 ## - PUBLICATION, DISTRIBUTION, ETC. (IMPRINT)
Place of publication New york
Name of publisher Hermes house
Year of publication 2005
300 ## - PHYSICAL DESCRIPTION
Number of Pages 512 p.: ill.: 23 c.m.
942 ## - ADDED ENTRY ELEMENTS (KOHA)
Koha item type Reference
Holdings
Withdrawn status Lost status Damaged status Not for loan Home library Current library Shelving location Date acquired Full call number Accession Number Price effective from Koha item type
        Anna Centenary Library Anna Centenary Library 6TH FLOOR, A WING 17.03.2026 641.813 SHE 435666 17.03.2026 Reference

Find us on the map